Countries that have a shortcut type-in - Statistics

General Stats
  • This quiz has been taken 121 times
    99 since last reset
  • The average score is 9 of 15
Answer Stats
Answer % Correct
United Kingdom
85%
United States
83%
Central African Republic
70%
Dominican Republic
70%
D.R. Congo
70%
United Arab Emirates
65%
Papua New Guinea
54%
China
52%
New Zealand
52%
F.S Micronesia
48%
South Korea
46%
Taiwan
44%
North Korea
43%
Saudi Arabia
39%
North Macedonia
35%
No matching quizzes found
Score Distribution
Percent of People with Each Score
Percentile by Number Answered
Your Score History
You have not taken this quiz since the last reset